Minecraft Items: Wood - Statistics

General Stats
  • This quiz has been taken 87 times
  • The average score is 20 of 30
Answer Stats
Answer % Correct
Oak
96%
Dark Oak
91%
Acacia
90%
Birch
90%
Cherry
84%
Spruce
84%
Jungle
77%
Warped
77%
Stairs
75%
Crimson
74%
Door
74%
Pale Oak
72%
Planks
72%
Trapdoor
72%
Mangrove
71%
Slab
68%
Fence
67%
Boat
64%
Fence Gate
61%
Wood
61%
Bamboo
59%
Button
59%
Pressure Plate
57%
Log
52%
Sign
42%
Stripped Log
38%
Boat with Chest
32%
Hanging Sign
32%
Stripped Wood
32%
Shelf
30%
No matching quizzes found
Score Distribution
Percent of People with Each Score
Percentile by Number Answered
Your Score History
You have not taken this quiz